03916nam a2200325uu 4500001000800000005001700008008004100025020001800066035001200084040001300096041000800109082000800117100004500125245010300170250001700273260003300290300001900323505179900342520109702141650003503238650003203273650005203305650003203357650003403389650003703423650003303460650002603493650003603519700003503555153436720260508093638.0190917s2019 spa  a9788413094090 a1534367 ccomduadb aspa 4a34810aCastro Álvarez, Concepción4auteaut14aLos animales y su estatuto jurídico : protección y utilización de los animales en el derecho a1. edición aPamplona :bAranzadi,c2019. a358 páginas. aCONTENIDO : Prólogo. -- Introducción. -- I. Los animales en el derecho. -- 1. De simples cosas a su condición actual de seres sintientes. -- 2. El derecho de los animales. -- II. La protección jurídica de los animales en nuestro ordenamiento. -- 1. Técnicas para articular la protección animal y referencia al derecho comparado. -- 2. La protección de los animales en el bloque de la constitucionalidad. -- 3. El bienestar animal en el Tratado de Funcionamiento de la Unión Europea. -- 4. La protección de los animales en la legislación ordinaria. -- III. La utilización de los animales por causa de seguridad pública y sanitaria. -- 1. El papel de los animales en nuestra sociedad. -- 2. Los animales dañinos. -- 3. Daño producido a los animales por razones sanitarias. -- IV. La utilización de los animales para entretenimiento humano. -- 1. En la caza y la pesca. -- 2. En espectáculos públicos. -- V. La utilización de los animales para experimentación. -- 1. Cuestiones preliminares. -- 2. Principales aspectos de la regulación de los animales destinados a experimentación. -- 3. Elementos a tener en cuenta para la implantación efectiva del bienestar animal en la experimentación con animales. -- VI. La utilización de los animales en la ganadería industrial. -- 1. Cuestiones preliminares. -- 2. Condiciones de los animales en las explotaciones ganaderas. -- 3. Necesidad de una evolución normativa justificada por razones de bienestar animal y ecológicas. -- VII. Consideraciones finales: hacia un mayor bienestar animal. -- 1. La inclusión expresa del bienestar animal en nuestra Constitución. -- 2. Necesidad de una ley estatal de bienestar animal. -- 3. Otros cambios necesarios en nuestra legislación. -- Bibliografía.3 aEl bienestar animal es un tema de plena actualidad política y jurídica. Esta monografía, partiendo del reconocimiento de los animales como seres sintientes que realiza el Tratado de Funcionamiento de la Unión Europea, incluye un estudio completo y original de la parte del ordenamiento jurídico cuyo objeto son los animales, y que ya se conoce con el nombre de Derecho Animal. Para ello, distingue entre aquellas normas cuya finalidad es la protección de los animales de aquellas otras que regulan la utilización e incluso eliminación de los animales. El libro incluye referencias a las soluciones adoptadas por otros países y sistemas jurídicos y, respecto a nuestro país, plantea la necesidad de reinterpretar algunas de las actividades en que se utilizan animales, de modo acorde con el artículo 45 de la Constitución y con la consideración de estos como seres sintientes. Finalmente, incluye las razones que justificarían una ley estatal de protección de los animales y otras medidas a adoptar para una implementación efectiva del valor bienestar animal. 7aDerechos de los animales2lemb aAnimales - Aspectos legales 7aBienestar de los animalesxLegislación2embne aDelitos contra los animales 7aAnimalesxProtección2embne 7aBienestar de los animales2embne aDerecho comparado - España 7aDerechozEuropa2lemb 7aExperimentación animal2embne10aEmbid Irujo, Antonio4auieaui